LEADER 00938nam a2200217 i 4500 001 000000238981 003 CaOOAMICUS 005 20150218000000.0 008 150218n it u000 u ita u 013 $a217886 040 $aSeMil$bita 245 10$aVolume 1. 300 $a431 p. 490 0 $aBiblioteca di storia contemporanea 490 0 $aBiblioteca di storia contemporanea. Sez. 1, Il movimento cattolico in Italia e in Europa ;$v24 773 0 $aLanzoni, Francesco $tScritti politici.$dBrescia : Morcelliana, 1964.$w()31425 830 0$aBiblioteca di storia contemporanea.$0(OLS)http://semarc/title/374 830 0$aBiblioteca di storia contemporanea. Sez. 1, Il movimento cattolico in Italia e in Europa ;$v24.$0(OLS)http://semarc/title/23569 850 $aSeMil 852 $aSeMil$W1$xVenegono$y1$m3N II 163$j189327$B189327$CSeMilBibl$Z2$F200125 $81 996 $6245$aVolume 1$9(OLS)http://semarc/title/46244 LEADER 00768nam a2200205 i 4500 001 000000189815 003 CaOOAMICUS 005 20100519000000.0 008 100519s1925 it u000 u ita u 013 $a168127 040 $aSeMil$bita 245 10$aGreco-Orientali. Latini. Medievali. Italiani. 300 $a316 p. 490 0 $aI libri necessari 700 1 $aLevasti, Arrigo.$0(OLS)http://semarc/name/5974 773 0 $aLevasti, Arrigo$tMistici.$dFirenze : Bemporad & Figlio, 1925.$gVol.1$w()23365 830 2$aI libri necessari.$0(OLS)http://semarc/title/31324 850 $aSeMil 852 $aSeMil$W1$xVenegono$y1$m3H II 186$j140446$B140446$CSeMilBibl$Z2$F152064 $81 996 $6245$aGreco-Orientali. Latini. Medievali. Italiani$9(OLS)http://semarc/title/273343